[Event "PCL 2025"]
[Site "Perth AUS"]
[Date "2025.05.06"]
[Round "3.1"]
[White "Balavignan,Ashvin"]
[Black "O'Mahoney,Keegan"]
[Result "1-0"]
[BlackElo "2123"]
[BlackFideId "2506190"]
[EventDate "2025.03.11"]
[PlyCount "0"]
[WhiteElo "2150"]
[WhiteFideId "3261425"]

1. d4 e6 2. c4 f5 3. Nc3 Nf6 4. g3 Be7 5. Bg2 O-O 6. Nf3 d6 7. O-O Ne4 8. Qc2
Nxc3 9. Qxc3 a5 10. a3 Bf6 11. Qc2 e5 12. dxe5 dxe5 13. e4 f4 14. gxf4 exf4 15.
Bxf4 Bxb2 16. Qxb2 Rxf4 17. Qe5 Qf8 18. Nd4 Ra6 19. Nf5 Rg4 20. h3 Re6 21. Qxc7
Na6 22. Qxa5 Rg5 23. Qd2 Reg6 24. Ng3 Nc5 25. Qe3 Ne6 26. h4 Rg4 27. h5 R6g5
28. Bh3 Rf4 29. Rad1 Nd4 30. Rxd4 Bxh3 31. Rfd1 Rxg3+ 32. Qxg3 Rg4 33. Rd8
Rxg3+ 34. fxg3 Bg4 35. Rxf8+ Kxf8 36. Rb1  1-0

[Event "PCL 2025"]
[Site "Perth AUS"]
[Date "2025.05.06"]
[Round "3.2"]
[White "Roebuck,Derek J"]
[Black "Gibson,Jacob"]
[Result "0-1"]
[BlackElo "2032"]
[BlackFideId "3246426"]
[EventDate "2025.03.11"]
[PlyCount "0"]
[WhiteElo "1765"]
[WhiteFideId "3226999"]

1. e4 c5 2. Nf3 Nc6 3. d4 cxd4 4. Nxd4 Nf6 5. Nc3 e5 6. Ndb5 d6 7. Nd5 Nxd5 8.
exd5 Nb8 9. Qf3 Be7 10. Qc3 Na6 11. Be3 O-O 12. Nxa7 f5 13. Bxa6 f4 14. Bd2
Rxa7 15. Bd3 Qe8 16. Qc7 e4 17. Bb5 Qxb5 18. Qxe7 Bg4 19. f3 exf3 20. O-O-O
Rxa2 21. Bc3 Ra1+ 22. Kd2 Qxd5+ 23. Ke1 Qxd1+ 24. Kf2 Qxc2+ 25. Bd2 Qxd2+ 26.
Qe2 Qxe2#  0-1

[Event "PCL 2025"]
[Site "Perth AUS"]
[Date "2025.05.06"]
[Round "3.3"]
[White "O'Shaughnessy,Dave"]
[Black "Simonds,Marcus"]
[Result "1/2-1/2"]
[BlackElo "1731"]
[BlackFideId "3237575"]
[EventDate "2025.03.11"]
[PlyCount "0"]
[WhiteElo "1947"]
[WhiteFideId "3235467"]

1. Nf3 Nf6 2. d4 g6 3. Nbd2 Bg7 4. e4 O-O 5. e5 Ne8 6. Bc4 d5 7. Bd3 b6 8. O-O
c5 9. c3 Nc6 10. Re1 e6 11. Bb5 Bb7 12. Bxc6 Bxc6 13. Nf1 Bd7 14. Bg5 f6 15.
exf6 Bxf6 16. Bh6 Bg7 17. Bxg7 Kxg7 18. Ne5 Nd6 19. Qe2 Re8 $2 20. Qg4 ( 20.
Nd2 cxd4 21. cxd4 Bb5 22. Qd1 { and White holds a clear advantage.}  )20... Nf7
21. Ng3 Nxe5 22. Rxe5 Kh8 23. h4 Rg8 24. Rae1 Qf6 25. Qg5 Raf8 { White's
advantage has been fading but it is still there, but with both players now very
short of time a draw was agreed.}   1/2-1/2

[Event "PCL 2025"]
[Site "Perth AUS"]
[Date "2025.05.06"]
[Round "3.4"]
[White "Wu,Kobe"]
[Black "Janceski,Alex"]
[Result "1-0"]
[BlackElo "1812"]
[BlackFideId "3228185"]
[EventDate "2025.03.11"]
[PlyCount "0"]
[WhiteElo "1503"]
[WhiteFideId "3257355"]

1. e4 c5 2. Nf3 d6 3. Bb5+ Nd7 4. O-O a6 5. Bc4 e6 6. c3 b5 7. Bb3 Bb7 8. Re1
Ngf6 9. d3 h6 10. Nbd2 Be7 11. d4 O-O 12. e5 dxe5 13. dxe5 Nd5 14. Nf1 Qc7 15.
c4 N5b6 16. cxb5 $2 axb5 17. Bf4 Rfd8 18. Qe2 Nf8 19. h3 c4 20. Bc2 Nd5 21. Bd2
Bb4 22. a3 Bc5 23. Rec1 Qb6 24. N1h2 Ba6 25. Qe1 Bb7 26. Kf1 Rdc8 27. Qe2 b4
28. axb4 Bxb4 29. Rxa8 Rxa8 30. Bxb4 Nxb4 31. Bb1 $2 { Black is winning.} 
31... Kh8 $2 { Not now.}  ( 31... Ba6)32. Kg1 Ba6 33. Qe4 Rd8 34. Qf4 Kg8 35.
Ng4 Nd3 36. Bxd3 cxd3 37. Qg3 $4 ( 37. Nf6+ gxf6 38. exf6 { and White is
winning.}  )37... Ng6 38. Rd1 Qxb2 39. Nh4 Qe2 40. Ne3 Nf8 41. Nf3 Rb8 42. Rd2
Rb2 $4 { Overlooking the hanging queen!}  43. Rxe2 Rxe2 44. Qf4 d2 45. Qd4 Ng6
46. Nxd2 Re1+ 47. Kh2 Bb5 48. Nf3 Rc1 49. Qb2 Rc5 50. Qd4 Rc8 51. Qb6 Be2 52.
Qb7 Rd8 53. Qc7 Re8 54. Nc4 Rf8 55. Nb6 Re8 56. Nd4 Bd3 57. Qd7 Rb8 58. Qc7 Re8
59. Nc6 Bf5 60. Qd7 Kf8 61. Nc4 Ra8 62. Nd6 Nh8 63. Nxf5 exf5 64. Qxf5 Re8 65.
f4 Re6 66. Nd4 Re8 67. e6 f6 68. Qh7  1-0

[Event "PCL 2025"]
[Site "Perth AUS"]
[Date "2025.05.06"]
[Round "3.5"]
[White "Teh,Rui Gen"]
[Black "Shen,Daniel"]
[Result "1-0"]
[BlackElo "2238"]
[BlackFideId "4302079"]
[EventDate "2025.03.11"]
[PlyCount "0"]
[WhiteElo "2184"]
[WhiteFideId "5749476"]

1. e4 e5 2. Bc4 Nf6 3. d3 Nc6 4. Nf3 h6 5. O-O d6 6. c3 g5 { Bold.}  7. Re1 Bg7
8. d4 O-O 9. dxe5 dxe5 10. Qc2 Bg4 11. Nbd2 Nh5 12. h3 Bc8 13. Nf1 Qf6 14. Ne3
Ne7 ( 14... Nf4 { seems more annoying.} )15. Ng4 Bxg4 16. hxg4 Nf4 17. g3 Ne6
18. Kg2 Nc8 19. Be3 Nd6 20. Be2 Qg6 21. Nd2 Nd4 $4 ( 21... Rfd8 { and life goes
on.} )22. cxd4 exd4 23. Bd3 dxe3 24. e5 exf2 25. Bxg6 fxe1=Q 26. Rxe1 fxg6 27.
exd6 cxd6 28. Qxg6 Rf7 29. Qxd6  1-0

[Event "PCL 2025"]
[Site "Perth AUS"]
[Date "2025.05.06"]
[Round "3.6"]
[White "Hare,Tim"]
[Black "Teh,Rui Zhe"]
[Result "1-0"]
[BlackElo "2047"]
[BlackFideId "5749468"]
[EventDate "2025.03.11"]
[PlyCount "0"]
[WhiteElo "2279"]
[WhiteFideId "4300629"]

1. Nf3 Nf6 2. g3 d5 3. Bg2 Nc6 4. d3 e5 5. O-O Bc5 6. Nxe5 Nxe5 7. d4 Bd6 8.
dxe5 Bxe5 9. c3 O-O 10. Bg5 c6 11. Nd2 Bf5 12. Nf3 h6 13. Bxh6 Bxg3 14. hxg3
gxh6 15. Qd2 Kh7 16. Nh4 Bg6 17. Bf3 Ne4 18. Qf4 Qg5 19. Bxe4 Bxe4 20. f3 Bg6
21. Kf2 Rae8 22. Rh1 f6 23. Nxg6 Kxg6 24. Rh4 Qxf4 25. gxf4 f5 26. Rg1+ Kh7 27.
Rgh1 Re6 28. R1h2 Rff6 29. Rh5 Kg7 30. Ke1 Rd6 31. e3 c5 32. Rg2+ Kf7 33. Rd2
Kg6 34. Rh4 Rfe6 35. Kf2 Kf7 36. Rh5 Rf6 37. Rh1 Ke6 38. Rhd1 b5 39. b3 c4 40.
b4 Rf7 41. Rg1 Ke7 42. Rg8 { The rook infiltrates behind enemy lines!}  42...
Rh7 43. Rb8 a6 44. Rb7+  1-0

[Event "PCL 2025"]
[Site "Perth AUS"]
[Date "2025.05.06"]
[Round "3.7"]
[White "Teh,Hui Lam"]
[Black "Lucas,Bradley"]
[Result "0-1"]
[BlackElo "2164"]
[BlackFideId "311105223"]
[EventDate "2025.03.11"]
[PlyCount "0"]
[WhiteElo "1964"]
[WhiteFideId "5749450"]

1. e4 e5 2. Nf3 Nc6 3. d4 exd4 4. Bc4 Bb4+ 5. c3 dxc3 6. bxc3 Ba5 7. O-O d6 8.
Qb3 Qf6 9. Bg5 Qg6 10. Re1 Nh6 11. Bxh6 gxh6 12. e5 O-O 13. Nbd2 Bb6 14. Bd5
Nxe5 15. Nxe5 dxe5 16. Nf3 c6 17. Be4 Qf6 18. Qc2 Kh8 19. Bxh7 Qg7 20. Bd3 Bh3
21. Nh4 Rg8 22. g3 Qf6 23. Re4 Rad8 24. Bf1 Bg4 25. Bg2 Qxh4 26. gxh4 Bf3 27.
Re3 Rxg2+ 28. Kf1 Bxe3 29. Qf5 Rxf2+ 30. Ke1 Rdd2 31. Qxe5+ Kg8 32. Qe8+ Kg7
33. Qe5+ f6 34. Qe7+ Kg6 35. h5+ Kf5 36. Qh7+ Kg4 37. Qg8+ Bg5 38. Qe6+ f5 39.
h3+ Kh4  0-1

[Event "PCL 2025"]
[Site "Perth AUS"]
[Date "2025.05.06"]
[Round "3.8"]
[White "King,David"]
[Black "Huang,Hui"]
[Result "1-0"]
[BlackElo "1802"]
[BlackFideId "3247597"]
[EventDate "2025.03.11"]
[PlyCount "0"]
[WhiteElo "2052"]
[WhiteFideId "3246680"]

1. e4 Nf6 2. e5 Nd5 3. d4 d6 4. c4 Nb6 5. exd6 exd6 6. Nc3 Be7 7. Bd3 Nc6 8.
Nge2 O-O 9. O-O Bg4 10. Be3 Nb4 11. b3 Nxd3 12. Qxd3 Bxe2 13. Nxe2 d5 14. c5
Nd7 15. b4 c6 16. a4 Re8 17. Rab1 a6 18. h3 Bf6 19. Rfe1 Bg5 20. Nc3 Bxe3 21.
Rxe3 Rxe3 22. Qxe3 h6 23. Re1 Qg5 24. Qxg5 hxg5 25. f3 Kf8 26. Kf2 Re8 27. Rb1
Ke7 28. Rb2 f6 29. b5 axb5 30. Re2+ Kf7 31. Rxe8 Kxe8 32. axb5 Nf8 33. Ke3 Ne6
34. g3 Ke7 35. b6 g6 36. Ne2 Ng7 37. g4 Ne6 38. f4 Kf7 39. fxg5 Nxg5 40. h4 Ne6
41. Nf4 Ng7 42. Nxd5 f5 43. Nb4 Ne6 44. gxf5 gxf5 45. Nxc6 f4+ 46. Kf2 Ke8 47.
Na5 Kd7 48. Nxb7 Nxd4 49. Na5 Ne6 50. c6+ Kc8 51. Kf3 Kb8 52. h5  1-0

[Event "PCL 2025"]
[Site "Perth AUS"]
[Date "2025.05.06"]
[Round "3.14"]
[White "Gough,Sebastian"]
[Black "Dell,Glen M"]
[Result "1-0"]
[BlackElo "1753"]
[BlackFideId "0"]
[EventDate "2025.03.11"]
[PlyCount "0"]
[WhiteElo "1226"]
[WhiteFideId "3252078"]

1. d4 Nf6 2. Bg5 e6 3. Nf3 Be7 4. e3 d5 5. Bd3 Nbd7 6. Nc3 c5 7. dxc5 Nxc5 8.
O-O a6 9. h3 Qc7 10. Bf4 Bd6 11. Bxd6 Qxd6 12. e4 Qb6 13. exd5 Qxb2 14. Qe1
Nxd3 15. cxd3 O-O 16. dxe6 Bxe6 17. Rb1 Qc2 18. Qd2 Qxd2 19. Nxd2 Rfd8 20. Rxb7
Rxd3 21. Ndb1 a5 22. a3 a4 23. Rb4 Bb3 24. Re1 Nd5 25. Nxd5 Bxd5 26. Re3 Rb3
27. Rc3 Kf8 28. f3 Rb8 29. Rcxb3  1-0

[Event "PCL 2025"]
[Site "Perth AUS"]
[Date "2025.06.26"]
[Round "4.1"]
[White "Teh,Rui Zhe"]
[Black "O'Mahoney,Keegan"]
[Result "1-0"]
[BlackElo "2123"]
[BlackFideId "2506190"]
[EventDate "2025.03.11"]
[PlyCount "0"]
[WhiteElo "2047"]
[WhiteFideId "5749468"]

1. d4 e6 2. c4 f5 3. Nc3 Nf6 4. f3 Bb4 5. Qc2 c5 6. e3 Nc6 7. Ne2 f4 8. dxc5
fxe3 9. Bxe3 Qa5 10. O-O-O Bxc5 11. Nd4 O-O 12. Kb1 Bxd4 13. Bxd4 e5 14. Bf2 d5
15. cxd5 Nb4 16. Qa4 Bf5+ 17. Kc1 Qxa4 18. Nxa4 Rac8+ 19. Nc3 Nfxd5 20. Kd2
Nxc3 21. bxc3 Rfd8+ ( 21... Nxa2 { is more precise, although Black still has
the intiative.} )22. Ke1 Rxd1+ 23. Kxd1 Rxc3 $4 ( { A horrible blunder. } 23...
Nxa2 { and Black has a won endgame.} )24. Be1 Nxa2 ( 24... Bc2+ 25. Kc1 Nxa2+
26. Kb2 { and one piece is falling.}  )25. Bxc3 Nxc3+ 26. Kd2 Na4 27. Bc4+ Kf8
28. Ra1 Nb6 29. Bd3 Bxd3 30. Kxd3 a6 31. Ke4 Nc4 32. Kd5 Ne3+ 33. Kxe5 Nxg2 34.
Rb1 Nh4 35. Ke4 b5 36. Ra1 Kf7 37. Rxa6 g6 38. Rb6 Nf5 39. Rb7+ Kg8 40. Ke5 Nh4
41. Kf6 h6 42. Rxb5 Nxf3 43. Kxg6 Nh4+ 44. Kxh6 Kf7 45. Rh5 Ng2 46. Kg5 Kg7 47.
Rh3 Ne1 48. Rc3 Ng2 49. h4 Kg8 50. h5 Kh8 51. Rc8+ Kh7 52. Re8 Kg7 53. Re7+ 
1-0

[Event "PCL 2025"]
[Site "Perth AUS"]
[Date "2025.06.26"]
[Round "4.2"]
[White "Barry,David"]
[Black "Teh,Hui Lam"]
[Result "0-1"]
[BlackElo "1964"]
[BlackFideId "5749450"]
[EventDate "2025.03.11"]
[PlyCount "0"]
[WhiteElo "1887"]
[WhiteFideId "3234487"]

1. e4 c5 2. Nf3 g6 3. d4 cxd4 4. Nxd4 Nf6 5. Nc3 d6 6. Be3 Bg7 7. f3 a6 8. Qd2
h5 9. O-O-O b5 10. Kb1 Nbd7 11. Nc6 Qc7 12. Nb4 Bb7 13. Nbd5 Nxd5 14. Nxd5 Bxd5
15. Qxd5 Rc8 16. Qd2 Nb6 17. Bd3 Na4 18. c3 O-O 19. Bd4 Nb6 20. Qe3 Nc4 21.
Bxc4 Qxc4 22. Bxg7 Kxg7 23. Qd4+ Qxd4 24. cxd4 Rc4 25. b3 Rc3 26. Rc1 Rfc8 27.
Rxc3 Rxc3 28. Rd1 h4 29. h3 Kf6 30. Kb2 b4 31. a3 a5 32. axb4 axb4 33. e5+ Kf5
34. Re1 d5 35. Ra1 Rd3 36. Ra7 Rxd4 37. Rxe7 Rd2+ 38. Kc1 Rxg2 39. Rxf7+ Kxe5
40. Rb7 Kd4 41. Rxb4+ Kc3 42. Rg4 Rxg4 43. fxg4 Kxb3 44. Kd2 Kc4 45. Kc2 g5 
0-1

[Event "PCL 2025"]
[Site "Perth AUS"]
[Date "2025.06.26"]
[Round "4.3"]
[White "Huang,Hui"]
[Black "Simonds,Marcus"]
[Result "1-0"]
[BlackElo "1731"]
[BlackFideId "3237575"]
[EventDate "2025.03.11"]
[PlyCount "0"]
[WhiteElo "1802"]
[WhiteFideId "3247597"]

1. d4 c5 2. d5 e5 3. e4 d6 4. Nc3 a6 5. a4 b6 6. Nf3 Bg4 7. Qd3 Nd7 8. Nd2 Be7
9. Qg3 h5 10. h3 Bh4 11. Qe3 Bg5 12. Qd3 c4 13. Qxc4 b5 14. Qb4 a5 15. Qxb5 Rb8
16. Qc4 Nb6 17. Qc6+ Bd7 18. Qxd6 Rh6 19. Qxe5+ Kf8 20. b3 Be7 21. Nc4 Nxc4 22.
Bxc4 Bd6 23. Ba3 Rb4 24. Qd4 Qe7 25. Bxb4 axb4 26. Ne2 Be5 27. Qd1 Bxa1 28.
Qxa1 Qxe4 29. O-O Rg6 30. f3 Qe3+ 31. Kh2 Qg5 32. g3 Qf5 33. g4 hxg4 34. fxg4
Qxc2 35. Qd1 Qxd1 36. Rxd1 Rh6 37. Kg3 Nf6 38. Rd4 Ne8 39. a5 Nd6 40. Bd3 Bb5
41. Bxb5 Nxb5 42. Rxb4 Nc7 43. Nc3 Ke7 44. Rc4 Kd8 45. b4 Ra6 46. h4 Kd7 47. g5
Ra8 48. Kg4 g6 49. Kf4 Rh8 50. Kg4 Ra8 51. Rc5 Ra6 52. h5 gxh5+ 53. Kxh5 Ne8
54. Kg4 Ra8 55. Ne4 Ra6 56. Kf5 Ke7 57. d6+ Kd7 58. Nf6+ Nxf6 59. gxf6 Kxd6 60.
Kf4 Kd7 61. Ke5 Re6+ 62. Kf5 Ra6 63. Rb5 Kc7 64. Rb6 Ra7 65. Ke5 Ra8 66. Kf5
Ra7 67. Kg5 Ra8 68. Kh6 Ra7 69. Kg7 Kc8 70. a6 Kc7 71. Rb7+  1-0

[Event "PCL 2025"]
[Site "Perth AUS"]
[Date "2025.06.26"]
[Round "4.4"]
[White "Wu,Kobe"]
[Black "Huang,Yuqi (Ricky)"]
[Result "0-1"]
[BlackElo "1512"]
[BlackFideId "3268250"]
[EventDate "2025.03.11"]
[PlyCount "0"]
[WhiteElo "1503"]
[WhiteFideId "3257355"]

1. e4 e5 2. Nf3 Nf6 3. Nc3 Bb4 4. Bd3 Bxc3 5. bxc3 d5 6. Qe2 O-O 7. O-O Bg4 8.
h3 Bh5 9. Qe3 Re8 10. Bb2 Nc6 11. Rfe1 Bxf3 12. Qxf3 dxe4 13. Bxe4 Nxe4 14.
Qxe4 Qxd2 15. Rad1 Qg5 16. Re3 Qg6 17. Qxg6 hxg6 18. Rd7 Rac8 19. Ba3 f6 20.
Rg3 Kh7 21. Rf3 e4 22. Re3 Ne5 23. Rd4 f5 24. Kf1 c5 25. Rd5 Nc4 26. Bxc5 Nxe3+
27. fxe3 Red8 28. Rxd8 Rxd8 29. Bd4 g5 30. g3 g4 31. hxg4 fxg4 32. Ke1 b6 33.
Kd2 Kg6 34. Ke2 Rh8 35. Ke1 Rh1+ 36. Ke2 Ra1 37. Kd2 Rxa2 38. c4 Ra5 39. Ke2
Rh5 40. Kd2 Kf5 41. c5 bxc5 42. Bxc5 a6 43. Bd6 Rh6 44. Bf4 Rb6 45. Kc3 a5 46.
Kd4 a4 47. c4 a3 48. Kd5 a2 49. Be5 Rb1 50. Bd4 a1=Q 51. Bxa1 Rxa1 52. c5 Rd1+
53. Kc6 Ke5 54. Kb7 Rc1 55. c6 Kd6 56. Kb8 Rxc6 57. Ka8 Rb6 58. Ka7 Kc7 59. Ka8
Ra6#  0-1

[Event "PCL 2025"]
[Site "Perth AUS"]
[Date "2025.06.26"]
[Round "4.5"]
[White "Rahmani,Noor"]
[Black "Hare,Tim"]
[Result "0-1"]
[BlackElo "2279"]
[BlackFideId "4300629"]
[EventDate "2025.03.11"]
[PlyCount "0"]
[WhiteElo "2086"]
[WhiteFideId "3278824"]

1. d4 d6 2. e4 Nf6 3. Bd3 Nbd7 4. Be3 e5 5. c3 Be7 6. Ne2 O-O 7. O-O Re8 8. Nd2
Ng4 9. Ng3 Nxe3 10. fxe3 Nf6 11. Qc2 Bf8 12. Rad1 Ng4 13. Rf3 Qg5 14. Ndf1 h5
15. h3 Nh6 16. Nf5 g6 17. Nxh6+ ( 17. dxe5 gxf5 18. Rg3 )17... Bxh6 18. Bc4 Re7
$2 19. Qb3 $2 { and the queen is in Siberia,}  ( 19. Qf2 { maintains the White
advantage.}  19... Bg7 ( 19... Be6 20. d5 Bd7 21. Rg3 Qh4 22. Rxg6+ )20. Bxf7+
)19... Kg7 20. Bxf7 Bxh3 21. Rg3 $4 ( 21. Rxh3 Rxf7 )21... Bg4 22. Be6 Rxe6 23.
Qxb7 Rf8 24. Nh2 Qh4 25. Rxg4 hxg4 26. Qxc7+ Rf7 27. Qc4 Bxe3+  0-1

[Event "PCL 2025"]
[Site "Perth AUS"]
[Date "2025.06.26"]
[Round "4.6"]
[White "Lucas,Bradley"]
[Black "Gibson,Jacob"]
[Result "1-0"]
[BlackElo "2032"]
[BlackFideId "3246426"]
[EventDate "2025.03.11"]
[PlyCount "0"]
[WhiteElo "2164"]
[WhiteFideId "311105223"]

1. e4 c5 2. d4 cxd4 3. c3 dxc3 4. Nxc3 Nc6 5. Nf3 e6 6. Bc4 a6 7. O-O d6 8. Qe2
Nf6 9. Rd1 Qc7 10. Bf4 Be7 11. e5 Nh5 12. Bg5 dxe5 13. Bxe7 Qxe7 14. Nxe5 Nxe5
15. Qxe5 Nf6 { Black has the extra pawn but the position is perilous, however
White now let's it slip with}  16. Rd6 ( 16. Na4 Bd7 ( 16... b5 17. Nb6 Ra7 18.
Nxc8 )17. Nb6 )16... O-O 17. Rad1 Re8 18. Na4 Nd7 ( 18... b5 19. Nb6 Rb8 20.
Nxc8 Rexc8 21. Be2 )19. Qe4 Rb8 20. Bb3 b5 21. Nc3 Nc5 22. Qe3 Nxb3 23. Nd5 Qb7
24. axb3 Rf8 25. Nf6+ gxf6 26. Qh6 Qe7 $4 { Now none of Black's pieces can get
back to defend the king.}  ( 26... e5 27. Qxf6 Qe4 28. Qg5+ Kh8 )27. R1d3 Qxd6
{ Desperate, but this is the top engine move.}  28. Rxd6 Bb7 29. Rd3 Be4 30.
Rg3+ Bg6 31. h4 Rfd8 32. h5 Rd1+ 33. Kh2  1-0

[Event "PCL 2025"]
[Site "Perth AUS"]
[Date "2025.06.26"]
[Round "4.7"]
[White "O'Shaughnessy,Dave"]
[Black "King,David"]
[Result "1/2-1/2"]
[BlackElo "2052"]
[BlackFideId "3246680"]
[EventDate "2025.03.11"]
[PlyCount "0"]
[WhiteElo "1947"]
[WhiteFideId "3235467"]

1. d4 d5 2. Nc3 Nf6 3. Bg5 Nbd7 4. Nf3 h6 5. Bh4 e6 6. e3 Be7 7. Bd3 a6 8. O-O
O-O 9. Re1 b5 10. Nb1 Bb7 11. Nbd2 c5 12. c3 c4 13. Bc2 Ne4 14. Bxe7 Qxe7 15.
Nxe4 dxe4 16. Nd2 f5 17. a4 Nf6 18. f3 Qd6 19. fxe4 Bxe4 20. Nxe4 fxe4 21. axb5
axb5 22. Qe2 Qd5 23. h3 Rfb8 24. Rf1 Kh8 25. Rfb1 Qc6 26. Qe1 Rb6 27. Rxa8+
Qxa8 28. Ra1 Ra6 29. Rxa6 Qxa6 30. Qb1 Qa8 31. Kf2 Qf8 32. Kg1 Nd5 33. Bxe4
Nxe3 34. Qe1 Qf4 35. Bf3 Qg5 36. Qd2 h5 37. Bxh5 Qg3 38. Bf3 Nf5 39. Qf2 Qf4
40. Bg4 Qc1+ 41. Kh2 g6 42. Bxf5 exf5 43. Qh4+ Kg7 44. Qe7+ Kh6 45. Qe5 b4 46.
d5 Qxb2 47. d6 Qxc3 48. Qe8 Qd4 49. d7 Qd6+ 50. Kg1 Qd4+ 51. Kh1 Qd1+ 52. Kh2
Qd6+ 53. Kg1 Qd4+ 54. Kf1 Qd1+ 55. Kf2 Qd2+  1/2-1/2

[Event "PCL 2025"]
[Site "Perth AUS"]
[Date "2025.06.26"]
[Round "4.8"]
[White "Hardegen,Andrew"]
[Black "Hapugala,Amila"]
[Result "1-0"]
[BlackElo "1664"]
[BlackFideId "9915397"]
[EventDate "2025.03.11"]
[PlyCount "0"]
[WhiteElo "2054"]
[WhiteFideId "3204081"]

1. d4 d6 2. c4 Nf6 3. Nc3 g6 4. e4 Bg7 5. Nf3 O-O 6. Be2 Nbd7 7. O-O e5 8. Be3
Ng4 9. Bg5 Ngf6 10. Qd2 Re8 11. Rfe1 c6 12. d5 c5 13. h3 a6 14. Rab1 a5 15. Qc2
b6 16. Nb5 Nf8 17. Nh2 Ba6 18. Ng4 Bxb5 19. cxb5 Qe7 20. a3 h5 21. Ne3 Kh7 22.
Nc4 N8d7 23. Bd2 Rec8 24. Qd3 Ne8 25. b4 axb4 26. axb4 Nc7 27. bxc5 Nxc5 28.
Qf3 Rcb8 29. Be3 Qd7 30. Red1 Na4 31. Rb3 Ra7 32. g4 h4 33. Bg5 Nc5 34. Rb4
Nxb5 35. Nxe5 dxe5 36. Bxb5 Qd6 37. Rdb1 Bh6 38. Bxh4 Bd2 39. R4b2 Ba5 40. Bf6
Nd7 41. Bxd7 Rxd7 42. g5 Rh8 43. Qg3 Kg8 44. Rc2 Rh5 45. Rc8+  1-0

[Event "PCL 2025"]
[Site "Perth AUS"]
[Date "2025.06.26"]
[Round "4.9"]
[White "McAteer,Ian"]
[Black "Gough,Sebastian"]
[Result "1-0"]
[BlackElo "1226"]
[BlackFideId "3252078"]
[EventDate "2025.03.11"]
[PlyCount "0"]
[WhiteElo "1875"]
[WhiteFideId "3230015"]

1. d4 Nf6 2. Bg5 Ne4 3. h4 Nxg5 4. hxg5 e5 5. dxe5 Qxg5 6. Nf3 Qd8 ( 6... Qe7 {
was a little more accurate but White now proceeds to play a few weak moves.}
)7. e3 Nc6 8. a3 d6 9. Nc3 dxe5 10. Qxd8+ Kxd8 $2 { The king capture preserves
the pawn but allows White fast development and leaves the king stuck in the
middle of the board. Although White doesn't immediately capitalize, the king's
position proves problematic for Black later.}  ( 10... Nxd8 11. Nxe5 Bd6 { was
preferred.}  )11. O-O-O+ ( 11. Bc4 { was preferred.} )11... Bd6 12. Nb5 Ke7 13.
Ng5 h6 14. Ne4 { White was eyeing d4 at this point but, as it stands, Black has
the edge.}  14... Rd8 15. Be2 f5 16. Nec3 a6 17. Nd5+ Kd7 $4 { Catastrophic.
White was looking to simply win the c7 pawn but now there are many tactics.}  (
17... Kf8 18. Ndxc7 Bxc7 19. Nxc7 Rb8 { White has clawed his way out of a poor
positoin but not much more.}  )18. Nxd6 Kxd6 19. Nb6+ Ke7 20. Nxa8 Rxd1+ 21.
Rxd1 f4 22. Nxc7 fxe3 23. fxe3 { Maintaining the restrictions on the knight.} 
( 23. Nd5+)23... Be6 24. Nxe6 Kxe6 25. g4 Kf6 26. b4 Kg5 27. Rd7  1-0

[Event "PCL 2025"]
[Site "Perth AUS"]
[Date "2025.06.26"]
[Round "4.10"]
[White "Faithfull,Ian"]
[Black "Soutar,Gavin"]
[Result "0-1"]
[BlackElo "1818"]
[BlackFideId "3228991"]
[EventDate "2025.03.11"]
[PlyCount "0"]
[WhiteElo "1475"]
[WhiteFideId "0"]

1. e4 c5 2. Nf3 Nc6 3. d4 cxd4 4. Nxd4 e5 5. Nf3 d6 6. Nc3 Be7 7. Bc4 Nf6 8. Bg5
O-O 9. Bxf6 Bxf6 10. Nd5 Bg4 11. c3 Rc8 12. O-O a6 13. Be2 Be7 14. Nd2 Bxe2 15.
Qxe2 b5 $2 { White's pleasant edge is now a clear advantage.}  16. Rfd1 ( { The
immediate } 16. a4 { is more precise but White still holds an advantage.}
)16... Re8 17. Nf3 Bf8 18. Qe3 $2 Ne7 19. a3 Nxd5 20. Rxd5 Qc7 21. Nd2 Qb7 22.
Nb3 Rb8 23. Rc1 Rec8 24. Qe1 Qc7 25. Nd2 Rb6 26. b3 Rc6 27. Nb1 { White's play
seems aimless. His advantage has gone and Black continues to improve.}  27...
Qa5 28. f3 Qb6+ 29. Kh1 Rc5 30. Qe3 Qc7 31. h3 a5 32. b4 $2 { White cracks.} 
32... Rxd5 33. exd5 h6 34. Nd2 axb4 35. axb4 Be7 36. Qd3 Bg5 37. Rc2 Bxd2 38.
Qxd2 Qc4 39. Kg1 Ra8 40. Kf2 Ra1 41. Qe2 Qxd5 42. Rd2 Qc6 43. Rd3 $2 Kf8 44.
Qd2 Ke7 45. Qe3 Ra6 46. Qe4 Qb6+ 47. Kg3 Ra2 48. Qe3 Qxe3 49. Rxe3 Rc2 50. f4
f6 51. fxe5 fxe5 52. Kf3 Ke6 53. g4 d5 54. Kg3 g5 55. h4 e4 56. hxg5 hxg5 57.
Kh3 Ke5 58. Kg3 Rc1 59. Kf2 Kf4 60. Rg3 Rc2+  0-1

[Event "PCL 2025"]
[Site "Perth AUS"]
[Date "2025.06.26"]
[Round "4.14"]
[White "Curtis,Calan"]
[Black "Gough,Dylan"]
[Result "1/2-1/2"]
[BlackElo "1761"]
[BlackFideId "3243176"]
[EventDate "2025.03.11"]
[PlyCount "0"]
[WhiteElo "1690"]
[WhiteFideId "3261476"]

1. d4 d5 2. Nf3 h6 3. c4 Nf6 4. g3 Bf5 5. Bg2 e6 6. O-O c6 7. Nc3 Bb4 8. Bd2
Bxc3 9. Bxc3 dxc4 10. Ne5 O-O 11. Nxc4 Qc7 12. Bb4 Rd8 13. a4 a5 $2 14. Bc5 Ra6
15. Qb3 Rc8 16. Bb6 $2 ( 16. Nd6 Nfd7 ( 16... Rd8 { trying to save the rook is
the engine's fourth best line}  17. Qxb7 Qxb7 18. Nxb7 Rd7 19. Nd6 { is clearly
winning for White.}  )17. Nxc8 Qxc8 )16... Qe7 17. Bxa5 Be4 18. Bb4 Qd8 19. Bc5
Qc7 20. Nd6 $2 { playing this now is a mistake, better is}  ( 20. Bxe4 Nxe4 21.
Qe3 )20... Bxg2 21. Kxg2 b6 22. Nxc8 bxc5 23. Ne7+ Kf8 24. Ng6+ fxg6 25. dxc5
Nbd7 26. Qxe6 Nxc5 27. Qc4 Qb6 { White is still much better but, after all the
complications and with his team already lost, a draw was agreed.}   1/2-1/2

[Event "PCL 2025"]
[Site "Perth AUS"]
[Date "2025.07.15"]
[Round "5.1"]
[White "Hare,Tim"]
[Black "Teh,Rui Gen"]
[Result "1-0"]
[BlackElo "2184"]
[BlackFideId "5749476"]
[EventDate "2025.03.11"]
[PlyCount "0"]
[WhiteElo "2279"]
[WhiteFideId "4300629"]

1. Nf3 Nf6 2. g3 g6 3. Bg2 Bg7 4. O-O O-O 5. c4 c6 6. d4 d5 7. b3 b6 8. Bb2 Bb7
9. Nbd2 Nbd7 10. Rc1 Rc8 11. Rc2 c5 12. e3 e6 13. Qa1 Qe7 14. Rfc1 dxc4 15.
bxc4 Rfd8 16. a4 Nb8 17. a5 bxa5 18. Qxa5 Nc6 19. Qa3 Nb4 20. Rc3 Ne4 21. Rb3
Qc7 22. Nf1 a5 23. Ne5 a4 24. Rxb4 cxb4 25. Qxb4 Ra8 26. c5 Bd5 27. Nc4 Nf6 28.
Nfd2 Rdb8 29. Qa3 Bxg2 30. Kxg2 Ra6 31. f3 Nd7 32. Qd3 Qc6 33. Ba3 Rd8 34. Nb6
Ra7 35. Qb1 Nf6 36. Ndc4 Nd5 37. e4 Nc7 38. Nd6 Bxd4 39. Nbc8 Nb5 40. Nxb5 Qxc8
41. Nxa7 Qa6 42. Nb5 Rb8 43. Qd3 e5 44. Rb1 Qe6 45. Nxd4 Qa2+ 46. Rb2 Rxb2+ 47.
Bxb2 Qxb2+ 48. Nc2 a3 49. c6 a2 50. Kh3 Qb1 51. c7 a1=Q 52. c8=Q+ Kg7 53. Qdd8
Qf1+ 54. Kh4 Qa4 55. Qh8+  1-0